Ministeriöt - Statistics

Yleistilastot
  • Tätä visaa on pelattu 60 kertaa
  • Keskiarvotulos 6 / 11
Vastaustilastot
Vastaus % Oikein
Ulkoministeriö
87%
Sisäministeriö
79%
Valtiovarainministeriö
73%
Puolustusministeriö
71%
Sosiaali- ja terveysministeriö
60%
Ympäristöministeriö
58%
Maa- ja metsätalousministeriö
50%
Oikeusministeriö
50%
Liikenne- ja viestintäministeriö
42%
Opetus- ja kulttuuriministeriö
40%
Työ- ja elinkeinoministeriö
29%
Ehtoja vastaavia visoja ei löytynyt
Tulosjakauma
Jokaisen tuloksen saaneiden osuus
Persentiili vastausten määrän mukaan
Tuloshistoriasi
Et ole pelannut tätä visaa